Score 0/20 Timer 02:00
1 Play Today
Hint 4-Letter Word % Correct
Chimney residueSOOT
93.8%
Having all one's marblesSANE
91.3%
Put into pilesSORT
91%
AchySORE
90.8%
Removed a page from a magazineTORE
90.3%
SerenadedSANG
89.8%
Spare in a trunkTIRE
89.3%
Give a darnCARE
86%
Small bar glassSHOT
85.7%
Copycat's requestSAME
81.2%
Hint 4-Letter Word % Correct
Thick carpetSHAG
80.5%
• It gets punched at work: [Rung 15][Rung 20] •• TIME •
79.8%
• Poker or Pinochle: [Rung 20][Rung 1] •• CARD •
78.1%
• HBO competitor: [Rung 8][Rung 15] •• SHOW •
73.4%
Alternative to truthDARE
72.9%
• 'Password' or 'Pyramid': [Rung 1][Rung 8] •• GAME •
71.8%
___ paneer (Indian cheese dish)SAAG
71.1%
He played Quint in 'Jaws'SHAW
69%
Fraught with dangerDIRE
58%
Stopping point?DIME
55%

Today's Daily Dose

Remove Ads.
Support Sporcle.
Get the best of Sporcle when you Go Orange. This ad-free experience offers more features, more stats, and more fun while also helping to support Sporcle. Thank you for becoming a member.

You're not logged in!

Compare scores with friends on all Sporcle quizzes.
OR
Log In

Show Comments

Extras

Top Quizzes Today


Score Distribution

Your Account Isn't Verified!

In order to create a playlist on Sporcle, you need to verify the email address you used during registration. Go to your Sporcle Settings to finish the process.

Report this User

Report this user for behavior that violates our Community Guidelines.

Details: